000 00719nam a2200205Ia 4500
003 GCL
008 140319s9999 xx 000 0 ara d
040 _aGCL /
_cGCL
082 0 4 _a811.5
_bم د
100 1 _aالنيسابورى, على بن احمد الواحد
245 1 0 _aديوان ابن الطيب المنتبى شرح الامام العلامة الواحدى /
_cالنيسابورى, على بن احمد الواحد
700 1 _aالمنتبى , ابوالطيب
260 _a[S.N] :
_bمكتبة المثنى
300 _a870 ص
490 _a
650 0 4 _aالشعر العربى
650 0 4 _aدواوين وقصائد
650 0 4 _aالمتنبى, ابو الطيب
942 _2ddc
_cBK
999 _c53995
_d53995